Представление документа в формате MARC21

ПолеНазваниеЗначение
  Тип записи a
  Библиографический уровень m
001 Контрольный номер RU/URAIT/588454
005 Дата корректировки 20260429163705.0
008 Кодируемые данные 260429s2026 RU y f j 000 0 rus u
020 Индекс ISBN __
a ISBN 978-5-534-18224-8
c Цена, тираж 1639.00
040 Источник каталогиз. __
a Служба первич. каталог. ИКО Юрайт
c Служба, преобразующая запись ИКО Юрайт
e Правила каталог. RCR
041 Код языка издания __
a Код языка текста rus
044 Код страны публикации __
a Код страны публикации RU
080 Индекс УДК __
a Индекс УДК 33(075.8)
084 Индекс другой классификации/Индекс ББК __
2 Источник индекса rubbk
a Индекс другой классификации/Индекс ББК 65я73
100 Автор __
a Автор Бабурина О. Н.
q Полное имя Бабурина Ольга Николаевна
245 Заглавие __
a Заглавие Экономическая безопасность
b Продолж. заглавия учебник и практикум для вузов
c Ответственность О. Н. Бабурина.
250 Сведения об издании __
g пер. и доп
a Основные сведения об издании 2-е изд.
256 Характеристики компьютерного файла __
a Характеристики компьютерного файла Электрон. дан.
260 Выходные данные __
a Место издания Москва
b Издательство Юрайт
c Дата издания 2026
300 Физическое описание __
a Объем 393 с
440 Серия __
a Серия Высшее образование
500 Примечания __
a Примечание URL: https://urait.ru/bcode/588454 (дата обращения: 29.04.2026).
520 Аннотация __
a Аннотация В курсе рассмотрено современное состояние, проблемы и направления обеспечения экономической безопасности в различных сферах национальной экономики, обозначенных в Стратегии экономической безопасности Российской Федерации до 2030 года. Все темы издания содержат контрольные вопросы, темы докладов, рефератов и эссе, практико-ориентированные задания, основанные на актуальных статистических данных, что позволит студентам самостоятельно выявлять тенденции развития экономической безопасности страны. Соответствует актуальным требованиям федерального государственного образовательного стандарта высшего образования. Для студентов, обучающихся по направлению подготовки «Экономическая безопасность», «Таможенное дело», «Экономика», издание может быть полезно преподавателям, а также всем, кто интересуется проблемами экономической безопасности России.
538 Прим. о системных особенностях __
a Прим. о системных особенностях Режим доступа: Электронно-библиотечная система Юрайт, для авториз. пользователей
653 Ключевые слова __
a Ключевые слова Национальная и экономическая безопасность
653 Ключевые слова __
a Ключевые слова Государственное и муниципальное управление
653 Ключевые слова __
a Ключевые слова Экономическая безопасность
653 Ключевые слова __
a Ключевые слова Общая экономическая безопасность
653 Ключевые слова __
a Ключевые слова Основы экономической безопасности
653 Ключевые слова __
a Ключевые слова Теория экономической безопасности
653 Ключевые слова __
a Ключевые слова Экономическая безопасность России
653 Ключевые слова __
a Ключевые слова Экономическая безопасность. Общие вопросы
653 Ключевые слова __
a Ключевые слова Введение в экономическую безопасность
653 Ключевые слова __
a Ключевые слова Экономическая безопасность Российской Федерации
856 Электронный адрес документа 40
n Местонахождение сервера Юрайт
g Электронная книга
q Тип электронного формата html
h Имя пользователя ЮРАЙТ
v Часы доступа к ресурсу 20271231
2 Способ доступа Показать документ
x Служебное примечание https://urait.ru/book/cover/DF4412C2-D788-45BB-8EC2-FDF5DBC9F968
u URL https://urait.ru/bcode/588454
856 Электронный адрес документа 48
q Тип электронного формата cover
u URL https://urait.ru/book/cover/DF4412C2-D788-45BB-8EC2-FDF5DBC9F968
911 __
u 0030=https://urait.ru/bcode/588454
911 __
u 073a=9785534182248
u 073d=1639.00
911 __
u 106a=s
911 __
u 900l=
952 Тип литературы __
i Дисциплина Экономическая безопасность
952 Тип литературы __
i Дисциплина Общая экономическая безопасность
952 Тип литературы __
i Дисциплина Основы экономической безопасности
952 Тип литературы __
i Дисциплина Теория экономической безопасности
952 Тип литературы __
i Дисциплина Экономическая безопасность России
952 Тип литературы __
i Дисциплина Экономическая безопасность. Общие вопросы
952 Тип литературы __
i Дисциплина Введение в экономическую безопасность
952 Тип литературы __
i Дисциплина Экономическая безопасность Российской Федерации